[Event "ch-FRA u20b"]
[Site "Montlucon FRA"]
[Date "2011.04.18"]
[Round "3.6"]
[White "Blum,N"]
[Black "Feryn,A"]
[Result "0-1"]
[WhiteElo "2245"]
[BlackElo "2041"]

1.e4 c5 2.Nf3 e6 3.d4 cxd4 4.Nxd4 a6 5.Nc3 Qc7 6.Be2 Nf6 7.O-O d6 8.Be3 Be7
9.f4 O-O 10.a4 Nc6 11.Kh1 Re8 12.Bg1 Bd7 13.Nf3 Rad8 14.Bd3 Bf8 15.Qe2 Nb4
16.a5 Rc8 17.Bb6 Qb8 18.e5 Nxd3 19.Qxd3 Ng4 20.exd6 Rc6 21.Bc7 Rxc7 22.dxc7 Qxc7
23.h3 Nf6 24.Ne5 Bc6 25.Nxc6 Qxc6 26.Ra4 Qc5 27.Rd1 Rc8 28.Rd4 Qxa5 29.Rd8 Rxd8
30.Qxd8 Qb4 31.Qc7 h5 32.b3 h4 33.Qc4 Qa5 34.Qd4 Qf5 35.Qf2 g5 36.Rf1 Nh5
37.Ne2 f6 38.fxg5 Qxc2 39.Nf4 Ng3+ 40.Kh2 Nxf1+ 41.Qxf1 fxg5 42.Nxe6 Bd6+
43.Kh1 Qg6 44.Nd4 Qe4 45.Qc4+ Kh8 46.Qc8+ Kh7 47.Qd7+ Qe7 48.Qf5+ Kh6 49.Ne6 Bg3
50.Kg1 b5 51.Kf1 a5 52.Ke2 a4 53.bxa4 bxa4 54.Kd1 a3 55.Nf8 Qe1+ 56.Kc2 Qf2+
57.Qxf2 Bxf2 58.Ne6 Kg6 59.Kb3 Kf6 60.Nf8 Kf5 61.Nd7 Kf4 62.Nf6 Bc5 63.Nh5+ Ke3
64.g3 hxg3 65.Nxg3 Kf3 66.Nf5 Kf4 67.Ng7 Bd6 68.Ne6+ Kf5 69.Nd4+ Kg6 70.Ka2 Kf6
71.Nf3 Bc5 72.Nd2 Kf5 73.Kb3 Kf4 74.Ka2 Bb4 75.Nf1 Kf3 76.Kb3 Kf2 77.Nh2 Kg2
78.Ng4 Kxh3 79.Nf2+ Kg2 80.Ng4 Bc5 81.Ne5 Kg3 82.Nd7 Bd6 83.Nf6 Kf4 84.Ne4 Kf3
85.Nc3 g4  0-1

[Event "Branko Vukmanovic Mem Open"]
[Site "Tivat MNE"]
[Date "2011.04.18"]
[Round "3.1"]
[White "Djukic,Ni"]
[Black "Damljanovic,B"]
[Result "0-1"]
[WhiteElo "2494"]
[BlackElo "2555"]

1.e4 c5 2.Nf3 e6 3.d4 cxd4 4.Nxd4 a6 5.Nc3 b5 6.Bd3 Qb6 7.Nb3 Qc7 8.Qe2 Bb7
9.O-O Nf6 10.f4 b4 11.Nd1 a5 12.c4 a4 13.Nd2 Bc5+ 14.Kh1 Nc6 15.Nf3 Ng4 16.Bd2 h5
17.a3 bxa3 18.bxa3 Na5 19.Bxa5 Qxa5 20.e5 Rc8 21.Ng5 Be7 22.Ne4 f5 23.Nd6+ Bxd6
24.exd6 h4 25.Qb2 h3 26.Qxb7 hxg2+ 27.Kxg2 Rxh2+ 28.Kg3 Qd8 29.Kf3 Rb8 30.Qc7 Qh4
31.Bxf5 Qh3+ 32.Ke4 Nf6+ 33.Kd4 Rd2+  0-1

[Event "34th Open"]
[Site "Donostia ESP"]
[Date "2011.04.19"]
[Round "4"]
[White "Valenti,G"]
[Black "Kalegin,E"]
[Result "0-1"]
[WhiteElo "2143"]
[BlackElo "2473"]

1.e4 c5 2.Nf3 e6 3.d4 cxd4 4.Nxd4 a6 5.Nc3 b5 6.Bd3 d6 7.O-O Nf6 8.Re1 Be7
9.a4 b4 10.Na2 e5 11.Nf3 Nc6 12.c3 bxc3 13.Nxc3 O-O 14.h3 h6 15.Bc4 Nb4 16.a5 Qc7
17.Bb3 Nc6 18.Nd5 Nxd5 19.Bxd5 Be6 20.Be3 Bxd5 21.Qxd5 Rfc8 22.Bb6 Qd7 23.Qd2 Qe6
24.Rec1 Bf8 25.Rc3 Ne7 26.Rac1 Rxc3 27.Rxc3 d5 28.Rc5 dxe4 29.Rxe5 Qg6 30.Nh4 Qc6
31.Qe3 g5 32.Nf5 Nxf5 33.Rxf5 Qe6 34.g4 Bg7 35.Bd4 Rd8 36.Bxg7 Rd1+ 37.Kg2 Qc4  0-1

[Event "Branko Vukmanovic Mem Open"]
[Site "Tivat MNE"]
[Date "2011.04.19"]
[Round "4.12"]
[White "Gochev,M"]
[Black "Cvetkovic,Sr"]
[Result "0-1"]
[WhiteElo "2277"]
[BlackElo "2408"]

1.e4 c5 2.Nf3 e6 3.Nc3 a6 4.d4 cxd4 5.Nxd4 Nc6 6.Nxc6 bxc6 7.Bd3 d5 8.O-O Nf6
9.Qe2 Bb7 10.b3 Qc7 11.Bb2 Bd6 12.h3 O-O 13.Rfe1 e5 14.Rad1 Rfe8 15.a3 d4
16.Nb1 Qe7 17.Rf1 a5 18.a4 Nd7 19.Nd2 Nc5 20.Bc4 Ba6 21.Bxa6 Nxa6 22.Nc4  0-1

[Event "Cez Cup GM 2011"]
[Site "Frydek Mistek CZE"]
[Date "2011.04.20"]
[Round "3"]
[White "Kriebel,T"]
[Black "Kanovsky,D"]
[Result "1-0"]
[WhiteElo "2296"]
[BlackElo "2480"]

1.e4 c5 2.Nf3 e6 3.d4 cxd4 4.Nxd4 a6 5.Nc3 Qc7 6.Bd3 Nf6 7.f4 d6 8.Qf3 Nc6
9.Nxc6 Qxc6 10.O-O b5 11.a3 Be7 12.Be3 Bb7 13.Qg3 O-O 14.Bd4 Rad8 15.Kh1 g6
16.Rae1 Nh5 17.Qh3 Bf6 18.Bxf6 Nxf6 19.e5 Nh5 20.Ne4 dxe5 21.fxe5 Rd5 22.Nd6 f5
23.Be4 Ba8 24.Bxd5 Qxd5 25.Rf2 Qd4 26.Kg1 Qxb2 27.Qb3 Qxb3 28.cxb3 Bd5 29.b4 g5
30.g3 g4 31.Rc1 f4 32.Rc8 Rxc8 33.Nxc8 Bf3 34.Rxf3 gxf3 35.g4 Ng7 36.Nd6 h5
37.h3 Kh7 38.Kf2 hxg4 39.hxg4 Kg6 40.Kxf3 Kh6 41.Kxf4 Kg6 42.Kf3 Kh6 43.Kg3 Kg6
44.Kh3 Kg5 45.Kg3 Kg6 46.Kf4 Kh6 47.Nf7+ Kg6 48.Ng5 Kh6 49.Ne4 Ne8 50.Nc5 Nc7
51.Nxe6 Nxe6+ 52.Kf5 Nc7 53.Kf6 Nd5+ 54.Kf7 Kg5 55.e6  1-0

[Event "Doeberl Cup Premier"]
[Site "Canberra AUS"]
[Date "2011.04.21"]
[Round "1.8"]
[White "Ly,Mo"]
[Black "O'Reilly,S"]
[Result "1-0"]
[WhiteElo "2381"]
[BlackElo "2026"]

1.e4 c5 2.Nc3 a6 3.Nf3 e6 4.d4 cxd4 5.Nxd4 Qc7 6.Be2 Bb4 7.O-O Nf6 8.Qd3 Nc6
9.Nxc6 dxc6 10.f4 b5 11.e5 Bxc3 12.Qxc3 Nd5 13.Qg3 O-O 14.c3 c5 15.Bf3 Bb7
16.f5 f6 17.Bxd5 Bxd5 18.Bf4 Qb7 19.fxe6 f5 20.Rfd1 Rae8 21.Bh6 Bxe6 22.Rd6 Kh8
23.Bf4 b4 24.Rad1 h6 25.h4 a5 26.c4 Qe4 27.b3 a4 28.Re1 Qb7 29.Qf2 Qe7 30.h5 Rc8
31.Red1 Qe8 32.Qh4 Bf7 33.Bxh6 Qxe5 34.Bf4 Qb2 35.h6 g6 36.Rd7 Qc3 37.R1d3 Qb2
38.R3d4 Kh7 39.Qf6  1-0

[Event "34th Open"]
[Site "Donostia ESP"]
[Date "2011.04.21"]
[Round "6"]
[White "Llaneza Vega,M"]
[Black "Piasetski,L"]
[Result "0-1"]
[WhiteElo "2473"]
[BlackElo "2299"]

1.e4 c5 2.Nf3 e6 3.d4 cxd4 4.Nxd4 a6 5.Nc3 b5 6.Bd3 Qb6 7.Nf3 Qc7 8.O-O Bb7
9.Bd2 Be7 10.a4 b4 11.Na2 Nf6 12.Qe1 a5 13.c3 Na6 14.cxb4 axb4 15.Nxb4 Nc5
16.e5 Nfe4 17.Bc2 Nxd2 18.Nxd2 Nxa4 19.Rxa4 Rxa4 20.Bxa4 Bxb4 21.Qe2 O-O
22.Nf3 Ra8 23.Bc2 g6 24.Be4 Be7 25.Rd1 Ra2 26.Bb1 Bxf3 27.gxf3 Ra1 28.f4 d5
29.Bc2 Rxd1+ 30.Qxd1 Qc4 31.Qc1 Bf8 32.b3 Qc3 33.Qb1 Bh6 34.Bd3 Bxf4 35.b4 Bxe5
36.b5 Bb8 37.Qc2 Qe5 38.f3 Qe3+ 39.Kg2 Ba7 40.Qe2 Qg5+ 41.Kh3 Bb8  0-1

[Event "34th Open"]
[Site "Donostia ESP"]
[Date "2011.04.21"]
[Round "6"]
[White "Houdeyer,H"]
[Black "Bas Mas,J"]
[Result "0-1"]
[WhiteElo "1978"]
[BlackElo "2150"]

1.e4 c5 2.Nf3 e6 3.d4 cxd4 4.Nxd4 a6 5.Nc3 b5 6.Bd3 Qb6 7.Nf3 Qc7 8.O-O Nc6
9.Be3 Nf6 10.Qe2 Ng4 11.Rad1 Bb7 12.a3 h5 13.g3 Nxe3 14.Qxe3 Be7 15.Rfe1 h4
16.Nd5 exd5 17.exd5 O-O-O 18.dxc6 Bxc6 19.Be4 hxg3 20.hxg3 Bd6 21.Nd4 Bc5
22.Qf3 Bxe4 23.Qxe4 Kb8 24.Qe5 Bd6 25.Qe4 Rh5 26.Nf5 Bc5 27.Rd3 Rdh8 28.b4 Bb6
29.Nd6 Rh2 30.Re2 R2h5 31.Qf3 R5h6 32.Qd5 Re6 33.Rxe6 dxe6 34.Qf3 f5 35.Qf4 Ka7
36.Qe5 Rd8 37.a4 Qxc2 38.Qxg7+ Qc7 39.Qe5 Qc1+ 40.Kg2 Qc6+ 41.Kg1 Qc1+ 42.Kg2 Qc6+
43.Kf1 bxa4 44.Qxe6 a3 45.b5 axb5 46.Qb3 Kb8 47.Qxa3 Bc5 48.Nxb5 Re8  0-1

[Event "Joao Braga Open"]
[Site "Sao Paolo BRA"]
[Date "2011.04.21"]
[Round "3.16"]
[White "De Lima,D"]
[Black "Terao,R"]
[Result "0-1"]
[WhiteElo "2040"]
[BlackElo "2332"]

1.e4 c5 2.Nf3 e6 3.d4 cxd4 4.Nxd4 a6 5.Nc3 Qc7 6.Bd3 Nf6 7.O-O d6 8.f4 b5
9.Qe2 Nbd7 10.f5 e5 11.Nf3 Bb7 12.Bg5 Be7 13.Kh1 O-O 14.a3 Rfe8 15.Rad1 Nc5
16.Bxf6 Bxf6 17.Qe3 Rad8 18.Be2 Nd7 19.Rd2 Qc5 20.Qg1 Qxg1+ 21.Nxg1 Nc5 22.Bf3 d5
23.Nxd5 Bxd5 24.Rxd5 Rxd5 25.exd5 e4 26.b4 Nb7 27.Be2 Nd6 28.c4 bxc4 29.Rc1 Bb2
30.Rc2 Bxa3 31.Bxc4 Rc8 32.Bb3 Rxc2 33.Bxc2 Bxb4 34.g4 Bc3 35.Ne2 Be5 36.Kg2 g6
37.fxg6 hxg6 38.h3 f5 39.gxf5 gxf5 40.Kf2 f4 41.Nc1 a5 42.Ba4 Bd4+ 43.Kg2 Kg7
44.h4 Kf6 45.Bc6 Kf5 46.Bd7+ Ke5 47.Bc6 Nf5 48.h5 f3+ 49.Kh3 Kf4 50.Bd7 Ne3
51.d6 Nc4 52.h6 Nxd6 53.Be6 e3 54.Bc4  0-1

[Event "ch-FAI"]
[Site "Vestmanna FAI"]
[Date "2011.04.21"]
[Round "7"]
[White "Ziska,H"]
[Black "Samuelsen,C"]
[Result "1/2-1/2"]
[WhiteElo "2432"]
[BlackElo "2257"]

1.e4 c5 2.Nf3 e6 3.d4 cxd4 4.Nxd4 a6 5.Nc3 Qc7 6.Bd3 Nf6 7.O-O Bc5 8.Nb3 Be7
9.f4 d6 10.a4 b6 11.e5 Nfd7 12.exd6 Bxd6 13.Ne4 Be7 14.f5 exf5 15.Ng3 Nc5
16.Bf4 Qb7 17.Nxf5 Bxf5 18.Bxf5 O-O 19.Nxc5 Bxc5+ 20.Kh1 Nc6 21.Qf3 g6 22.Be4 Rac8
23.Bh6 Rfe8 24.Bd5 Rc7 25.Rae1 Rxe1 26.Rxe1 Qc8 27.c3 Bf8 28.Bxf8 Kxf8 29.Qf6 Kg8
30.h4 Qd7 31.Re3 Rc8 32.Bf3 h5 33.Bxh5 Qd8 34.Qf4 Ne7 35.Bg4 Nd5 36.Qd4 Nxe3
37.Bxc8 Qxc8 38.Qxe3 Qc4 39.Qd4 Qb3 40.Qb4 Qd1+ 41.Kh2 a5 42.Qxb6 Qxa4 43.b4 axb4
44.cxb4 Kh7 45.Qd4 Qb5 46.Qc5 Qf1 47.Qd4 f5 48.Qd8 Qf4+ 49.Kg1 Qxb4 50.Qf6  1/2-1/2

[Event "Doeberl Cup Premier"]
[Site "Canberra AUS"]
[Date "2011.04.22"]
[Round "4.14"]
[White "Yu,Sal"]
[Black "Ikeda,J"]
[Result "0-1"]
[WhiteElo "1914"]
[BlackElo "2296"]

1.e4 c5 2.Nf3 e6 3.d4 cxd4 4.Nxd4 a6 5.Nc3 Qc7 6.Be2 Nf6 7.O-O Bb4 8.Qd3 Be7
9.f4 d6 10.Nb3 Nc6 11.Qg3 g6 12.Be3 b5 13.a3 Bb7 14.Bd3 h5 15.h3 h4 16.Qf2 Nh5
17.f5 gxf5 18.exf5 Ne5 19.fxe6 fxe6 20.Bb6 Qc8 21.Bxb5+ axb5 22.Nxb5 Qc6
23.Nc7+ Kd7 24.Kh2 Rhg8 25.Rg1 Raf8  0-1

[Event "Duflex Cup IM 2011"]
[Site "Frydek Mistek CZE"]
[Date "2011.04.23"]
[Round "6"]
[White "Cajka,T"]
[Black "Schwarz,Du"]
[Result "1/2-1/2"]
[WhiteElo "2104"]
[BlackElo "2308"]

1.e4 c5 2.Nf3 e6 3.d4 cxd4 4.Nxd4 a6 5.Nc3 b5 6.Bd3 Qb6 7.Nb3 Qc7 8.O-O Nf6
9.Qe2 Bb7 10.f4 b4 11.Nd1 d6 12.c3 Nc6 13.Bd2 Be7 14.Kh1 a5 15.Nd4 O-O 16.Nb5 Qd7
17.e5 dxe5 18.Nf2 exf4 19.Bxf4 bxc3 20.bxc3 Nd5 21.Bg3 Na7 22.Ne4 Nxb5 23.Bxb5 Bc6
24.c4 Bxb5 25.cxb5 f5 26.Nd2 f4 27.Bf2 Nc3 28.Qf3 Bf6 29.Nc4 Qxb5 30.Nb6 Rad8
31.a4 Qd3 32.Bc5 Qxf3 33.gxf3 Rfe8 34.Nc4 Rd5 35.Bb6 Bd4 36.Bxa5 Rc5 37.Nd6 Rb8
38.Bxc3 Rxc3 39.Nb5 Rc4 40.Nxd4 Rxd4 41.Ra2 Ra8 42.a5 Ra6 43.Kg2 Rd5 44.Re1 Kf7
45.Re4 g5 46.Rea4 e5 47.h4 gxh4 48.Kh3 Rd1 49.Rb2 Rd3 50.Kxh4 Rxf3 51.Kg4 Re3
52.Rb6 Rxb6 53.axb6 Rb3 54.Kf5 Rxb6 55.Ra7+ Kg8 56.Kxe5 f3 57.Ra3 f2 58.Rf3 Rb2
59.Kf4 Kg7 60.Kg3 Kg6 61.Rxf2 Rb1 62.Kh2 h5 63.Ra2 Rb5 64.Rg2+ Kf5 65.Rg8 Rb4
66.Rg7 Rh4+ 67.Kg3 Rg4+ 68.Rxg4 hxg4 69.Kg2  1/2-1/2

[Event "17th Asian Cities"]
[Site "Jakarta INA"]
[Date "2011.04.23"]
[Round "2.4"]
[White "Kyaw Lin Naing"]
[Black "Moradiabadi,E"]
[Result "0-1"]
[WhiteElo "2229"]
[BlackElo "2537"]

1.e4 c5 2.Nf3 e6 3.d4 cxd4 4.Nxd4 a6 5.Nc3 Qc7 6.Be3 Nf6 7.a3 b5 8.Bd3 Bb7
9.O-O d6 10.f4 Nbd7 11.Qf3 Rc8 12.Rae1 Be7 13.Kh1 Qb8 14.Bd2 g6 15.Qh3 Nc5
16.Nb3 Nxd3 17.cxd3 Qc7 18.Rc1 Qd7 19.Be3 O-O 20.Nd4 e5 21.Qxd7 Nxd7 22.Nc2 f5
23.Nb4 fxe4 24.dxe4 exf4 25.Rxf4 Rfe8 26.Rcf1 Bg5 27.R4f3 Bxe3 28.Rxe3 Nb6
29.Rd3 Re6 30.b3 Nd7 31.Nbd5 Nc5 32.Rdf3 Nxb3 33.Nb6 Nd2 34.Nxc8 Nxf3 35.gxf3 Bxc8
36.Rc1 Bb7 37.Kg2 Re7 38.Rd1 Rd7 39.Kf2 Kf7 40.Ke3 Ke6 41.Ne2 Rc7 42.Rd2 Rc4
43.h4 Ke7 44.Rd3 Bc8 45.Nd4 Rc5 46.f4 Be6 47.Nf3 h6 48.e5 dxe5 49.Nxe5 Bf5
50.Kd4  0-1

[Event "17th Asian Cities"]
[Site "Jakarta INA"]
[Date "2011.04.23"]
[Round "3.7"]
[White "Kyaw Lin Naing"]
[Black "Tan Khai Boon"]
[Result "1-0"]
[WhiteElo "2229"]
[BlackElo "2150"]

1.e4 c5 2.Nf3 e6 3.d4 cxd4 4.Nxd4 a6 5.Nc3 b5 6.Bd3 Qb6 7.Nf3 Qc7 8.O-O Bb7
9.a3 d6 10.Bf4 Nd7 11.Qe2 e5 12.Bd2 Ngf6 13.b4 Nb6 14.a4 bxa4 15.Nxa4 Be7
16.Nxb6 Qxb6 17.c4 O-O 18.Ne1 g6 19.Nc2 Nh5 20.g3 Ng7 21.Ne3 Ne6 22.Nd5 Bxd5
23.cxd5 Nd4 24.Qd1 f5 25.Kg2 f4 26.f3 h5 27.gxf4 exf4 28.Rg1 Kh7 29.Kh1 Kh6
30.Be1 Nb5 31.Ra2 g5 32.Rag2 Rg8 33.Bf2 Qb7 34.Bf1 Bf6 35.h4 Qf7 36.hxg5+ Rxg5
37.Rxg5 Bxg5 38.Bh3 Bf6 39.Be6 Qe7 40.Qf1 Rf8 41.Qg2 Qg7 42.Qh2 Qe7 43.Qxf4+ Bg5
44.Qg3 Qf6 45.Bf5 Rg8 46.f4  1-0

[Event "Dhamso Open"]
[Site "Ambalangoda SRI"]
[Date "2011.04.24"]
[Round "8"]
[White "Karunanayake,Ma"]
[Black "Ranasinghe,S"]
[Result "0-1"]
[WhiteElo "1670"]
[BlackElo "1835"]

1.e4 c5 2.Nf3 e6 3.d4 cxd4 4.Nxd4 a6 5.Nc3 Nc6 6.Be3 Qc7 7.a3 b5 8.Nxc6 Qxc6
9.Bd4 Nf6 10.e5 Ne4 11.Qf3 Bb7 12.Nxe4 Qxe4+ 13.Qxe4 Bxe4 14.c3 Be7 15.f3 Bc6
16.Bd3 f6 17.exf6 gxf6 18.Kf2 Kf7 19.Rhe1 e5 20.Be3 h5 21.Bd2 Bc5+ 22.Be3 Be7
23.Bd2 Rhb8 24.f4 Bc5+ 25.Kf1 d6 26.Be4 Bxe4 27.Rxe4 f5 28.Re2 e4 29.Be3 Rd8
30.Rd1 Rac8 31.Kf2 Ke6 32.Red2 d5 33.Bxc5 Rxc5 34.Kg3 Rc4 35.Rd4 Rxd4 36.Rxd4 Rc8
37.Kf2 Kd6 38.g3 Kc5 39.a4 Rb8 40.axb5 axb5 41.Ke3 Ra8 42.Rd2 Ra1 43.Rc2 Rd1
44.Ke2 Rd3 45.b3 h4 46.Kf2 h3 47.Ke2 b4 48.cxb4+ Kxb4 49.Rb2 d4 50.Rd2 Rxd2+
51.Kxd2 Kxb3 52.Ke2 Kc3 53.Ke1 d3 54.Kd1 e3 55.Ke1 d2+ 56.Kd1 Kd3 57.g4 e2+  0-1

[Event "Doeberl Cup Premier"]
[Site "Canberra AUS"]
[Date "2011.04.25"]
[Round "9.19"]
[White "Morris,J"]
[Black "O'Reilly,S"]
[Result "1-0"]
[WhiteElo "2227"]
[BlackElo "2026"]

1.e4 c5 2.Nf3 e6 3.d4 cxd4 4.Nxd4 a6 5.Nc3 Qc7 6.Bd3 b5 7.a3 Bc5 8.Nb3 Be7
9.O-O Nf6 10.f4 Bb7 11.Qe2 d6 12.Bd2 Nbd7 13.Rae1 O-O 14.Kh1 Nc5 15.Nxc5 dxc5
16.e5 Nd5 17.Nxd5 Bxd5 18.c4 Bc6 19.f5 exf5 20.Bxf5 g6 21.Bb1 Bd7 22.Bh6 Rfe8
23.Be4 Rab8 24.Rxf7 Kxf7 25.Bd5+ Be6 26.Rf1+ Kg8 27.Bxe6+ Kh8 28.Rf7 Rg8
29.Bg5 Rbe8 30.Qf3  1-0

[Event "8th Balagne Open"]
[Site "Calvi FRA"]
[Date "2011.04.26"]
[Round "1.8"]
[White "Van Kampen,R"]
[Black "Crouzet,E"]
[Result "1-0"]
[WhiteElo "2456"]
[BlackElo "1816"]

1.e4 c5 2.Nf3 e6 3.d4 cxd4 4.Nxd4 a6 5.Nc3 Qc7 6.Bd3 Nf6 7.O-O b5 8.Re1 d6
9.a4 bxa4 10.Rxa4 Bb7 11.Nd5 Qd8 12.Bd2 Nxd5 13.exd5 Bxd5 14.Qh5 e5 15.Ra5 Bb7
16.Raxe5+ dxe5 17.Qxe5+ Qe7 18.Qc7  1-0

[Event "17th Asian Cities"]
[Site "Jakarta INA"]
[Date "2011.04.28"]
[Round "9.1"]
[White "Nyi Nyi Lwin"]
[Black "Yu Yangyi"]
[Result "0-1"]
[WhiteElo "2219"]
[BlackElo "2652"]

1.e4 c5 2.Nf3 e6 3.Nc3 a6 4.d4 cxd4 5.Nxd4 b5 6.a3 Bb7 7.Bd3 Qb6 8.Nb3 Qc7
9.O-O Nf6 10.Bg5 Be7 11.Qe2 d6 12.Rad1 Nbd7 13.Kh1 h6 14.Bh4 g5 15.Bg3 h5
16.h3 h4 17.Bh2 Ne5 18.f4 gxf4 19.Bxf4 Nh5 20.Qe3 Nxf4 21.Qxf4 O-O-O 22.Nd4 Rdg8
23.Nf3 Rg7 24.Rf2 Rhg8 25.Ne2 Qc5 26.Rdf1 Nxf3 27.Qxf3 Qe5 28.Nc3 f5 29.Qe2 Rg3
30.Qh5 d5 31.Ne2 Bd6 32.Nf4 dxe4 33.Be2 e3  0-1

[Event "43rd TCh-ITA 2011"]
[Site "Spoleto ITA"]
[Date "2011.04.28"]
[Round "2"]
[White "Radulski,J"]
[Black "Martorelli,A"]
[Result "1-0"]
[WhiteElo "2586"]
[BlackElo "2234"]

1.e4 c5 2.Nc3 e6 3.Nf3 a6 4.d4 cxd4 5.Nxd4 Qc7 6.g3 Bb4 7.Bd2 Nf6 8.Bg2 Be7
9.O-O O-O 10.a4 Nc6 11.Nxc6 bxc6 12.a5 d6 13.Na4 d5 14.Nb6 Rb8 15.exd5 Nxd5
16.Nxc8 Rfxc8 17.c4 Nb4 18.Bc3 Rd8 19.Qg4 g6 20.h4 c5 21.h5 Nc2 22.hxg6 hxg6
23.Rab1 Nd4 24.b4 Qe5 25.Rfe1 Ne2+ 26.Qxe2 Qxc3 27.Rec1 Qa3 28.b5 Bf6 29.Qf3 Qxf3
30.Bxf3 axb5 31.cxb5 Rd3 32.Be2 Ra3 33.a6 Rb6 34.Kg2 Bd4 35.Rc2 Bc3 36.Rd1 Kg7
37.Rd7 Bb4 38.a7 c4 39.Rxc4  1-0

[Event "8th Balagne Open"]
[Site "Calvi FRA"]
[Date "2011.04.29"]
[Round "6.6"]
[White "Bressac,S"]
[Black "Massoni,M"]
[Result "1-0"]
[WhiteElo "2241"]
[BlackElo "2338"]

1.e4 c5 2.Nf3 e6 3.d4 cxd4 4.Nxd4 a6 5.Nc3 Qc7 6.Be3 Nc6 7.Qd2 Nf6 8.O-O-O Be7
9.f3 O-O 10.g4 b5 11.g5 Nh5 12.Kb1 Rd8 13.Nce2 e5 14.Nf5 d5 15.Nxe7+ Nxe7
16.Ng3 Nxg3 17.hxg3 d4 18.Bg1 Ng6 19.Qh2 Nf8 20.Bd3 Be6 21.f4 Bc4 22.f5 Qe7
23.Qh4 f6 24.gxf6 Qxf6 25.Qh2 Bxd3 26.cxd3 h6 27.g4 Nh7 28.Bf2 Rdc8 29.Bg3 Rc5
30.Rc1 Rxc1+ 31.Rxc1 Re8 32.Qh5 Rd8 33.Rc5 Ng5 34.Bxe5 Qe7 35.Qg6 Nh7 36.f6 Nxf6
37.Rc7 Qf8 38.a3 a5 39.g5 hxg5 40.Qxg5 b4 41.Bxf6 Qxf6 42.Rxg7+ Qxg7 43.Qxd8+  1-0

[Event "Karlovy Vary Open"]
[Site "Karlovy Vary CZE"]
[Date "2011.04.29"]
[Round "2.12"]
[White "Holes,M"]
[Black "Tesar,J"]
[Result "0-1"]
[WhiteElo "1897"]
[BlackElo "2084"]

1.e4 c5 2.Nf3 e6 3.d4 cxd4 4.Nxd4 a6 5.Nc3 Qc7 6.Be2 Nf6 7.a3 b5 8.O-O Bb7
9.Bf3 d6 10.Be3 Nbd7 11.Qe2 Ne5 12.Rad1 Be7 13.Bf4 O-O 14.Rfe1 Rac8 15.a4 b4
16.Na2 Nxf3+ 17.Nxf3 Qxc2 18.Bxd6 Bxd6 19.Rxd6 Qxa4 20.b3 Qxb3 21.Rb6 Rc2
22.Qd1 Qxa2 23.Rxb7 Rxf2 24.Rxb4 Rxg2+ 25.Kh1 Ng4  0-1

[Event "43rd TCh-ITA 2011"]
[Site "Spoleto ITA"]
[Date "2011.04.29"]
[Round "4"]
[White "Martorelli,A"]
[Black "Olszewski,Mi"]
[Result "0-1"]
[WhiteElo "2234"]
[BlackElo "2542"]

1.e4 c5 2.Nf3 e6 3.d4 cxd4 4.Nxd4 a6 5.Nc3 b5 6.Bd3 Qb6 7.Nf3 Nc6 8.O-O Qb8
9.Re1 d6 10.Bg5 Be7 11.Qd2 h6 12.Bxe7 Ngxe7 13.Rad1 Ra7 14.Bf1 Rd7 15.Re3 O-O
16.Nh4 d5 17.exd5 b4 18.Ne4 Rxd5 19.Bd3 f5 20.c4 Rxd3 21.Nf6+ Rxf6 22.Rxd3 e5
23.c5 e4 24.Rd6 Be6 25.Nxf5 Bxf5 26.Rxf6 gxf6 27.Qxh6 Qe5 28.Rd6 Qxb2 29.h3 Qa1+
30.Kh2 Qe5+ 31.Kg1 Kf7 32.g4 Bg6 33.Qc1 e3 34.Qxe3 Qxe3 35.fxe3 a5 36.Kf2 a4
37.h4 Bb1 38.Rd2 a3 39.g5 fxg5 40.hxg5 b3  0-1

[Event "43rd TCh-ITA 2011"]
[Site "Spoleto ITA"]
[Date "2011.04.29"]
[Round "4"]
[White "Lucaroni,M"]
[Black "Valsecchi,A"]
[Result "1/2-1/2"]
[WhiteElo "2262"]
[BlackElo "2345"]

1.e4 c5 2.Nf3 e6 3.d4 cxd4 4.Nxd4 a6 5.Nc3 Qc7 6.Be2 Nc6 7.O-O Nf6 8.Kh1 b5
9.a3 Bb7 10.f4 h5 11.Bf3 Nxd4 12.Qxd4 Bc5 13.Qd3 Ng4 14.e5 Rc8 15.Bxb7 Qxb7
16.Ne4 Nh6 17.f5 Nxf5 18.Bg5 Qc6 19.Rae1 h4 20.Qh3 Be7 21.Bxe7 Kxe7 22.Rxf5 exf5
23.Nd6 Qxc2 24.Nxf5+ Kf8 25.Qg4 g6 26.Qb4+ Rc5 27.Ne3 a5 28.Qd4 Qc1 29.Rxc1 Rxc1+
30.Nd1 Rh5 31.Kg1 Kg8 32.g4 hxg3 33.hxg3 a4 34.g4 Rh3 35.Kg2 Rb3 36.Qd2 Rc5
37.Nc3 Rxe5 38.Kf3 d5 39.g5 Rf5+ 40.Kg2 b4 41.axb4 Rxb4 42.Nxd5 Rxb2 43.Ne7+ Kf8
44.Nxg6+ fxg6 45.Qxb2 Rxg5+ 46.Kf3 Rf5+ 47.Kg4 Kf7 48.Qa2+ Kg7 49.Qxa4 Kh7
50.Qd7+ Kg8 51.Kh4 Rh5+ 52.Kg3 Rf5 53.Kg4 Kh8 54.Qe7 Kg8 55.Qa7 Kh8 56.Qa1+ Kg8
57.Qd4 Kh7 58.Qe3 Kg7 59.Qh3 Rc5 60.Qh1 Rf5 61.Qh2 Rf7 62.Qb2+ Kh7 63.Qb6 Rf5
64.Qd4 Kg8 65.Qd7 Kh8 66.Qc7 Kg8 67.Qc3 Kh7 68.Qc1 Kg7 69.Qh1 Rf7 70.Qa1+ Kh7
71.Qb2 Rf5 72.Qc3 Kg8  1/2-1/2

[Event "NK Jeugd A"]
[Site "Haarlem NED"]
[Date "2011.04.30"]
[Round "1"]
[White "Zwirs,Nico"]
[Black "Ten Hertog,H"]
[Result "0-1"]
[WhiteElo "2088"]
[BlackElo "2291"]

1.e4 c5 2.Nf3 e6 3.d4 cxd4 4.Nxd4 a6 5.Nc3 d6 6.g3 Nf6 7.Bg2 Be7 8.O-O Qc7
9.a4 Nc6 10.Nxc6 bxc6 11.f4 h5 12.Kh1 d5 13.f5 h4 14.g4 d4 15.Qxd4 Nxg4 16.e5 exf5
17.Bf4 Be6 18.h3 Rd8 19.Qg1 Nxe5 20.Bxe5 Qxe5 21.Bxc6+ Kf8 22.Rae1 Qc7 23.Bf3 Rh6
24.Rd1 Rxd1 25.Rxd1 Rg6 26.Qh2 Qg3 27.Bb7 Bf6 28.Qxg3 Rxg3 29.Rd3 Bxc3 30.bxc3 a5
31.Bc6 f4 32.Kh2 Ke7 33.Bg2 Rxd3 34.cxd3 Bd7 35.Bd5 Bxa4 36.Kg2 g5 37.d4 f6
38.Ba2 Bc2 39.c4 a4  0-1

[Event "Sydney International Open"]
[Site "Sydney AUS"]
[Date "2011.04.30"]
[Round "8"]
[White "Canfell,G"]
[Black "Ikeda,J"]
[Result "1/2-1/2"]
[WhiteElo "2313"]
[BlackElo "2296"]

1.e4 c5 2.Nf3 e6 3.d4 cxd4 4.Nxd4 a6 5.Nc3 Qc7 6.Be2 Nf6 7.O-O Be7 8.f4 d6
9.Kh1 Nc6 10.Be3 Bd7 11.a4 O-O 12.Nb3 Na5 13.e5 Ne8 14.exd6 Nxd6 15.Nxa5 Qxa5
16.Ne4 Qc7 17.Nxd6 Bxd6 18.a5 Bc6 19.Bb6  1/2-1/2

[Event "29th Metz Open A"]
[Site "Longeville-les-Metz FRA"]
[Date "2011.05.02"]
[Round "1.9"]
[White "Guedon,St"]
[Black "Miezis,N"]
[Result "0-1"]
[WhiteElo "2253"]
[BlackElo "2542"]

1.e4 c5 2.Nf3 e6 3.d4 cxd4 4.Nxd4 a6 5.Nc3 Qc7 6.Bd3 Nc6 7.Be3 Nf6 8.O-O h5
9.h3 Nxd4 10.Bxd4 Bc5 11.Bxc5 Qxc5 12.Re1 d6 13.Qf3 Nd7 14.Rad1 Ne5 15.Qg3 g5
16.b4 Qxb4 17.Rb1 Qa5 18.Bb5+ Kf8 19.Bf1 b5 20.Red1 b4 21.Ne2 Qc5 22.Nd4 Rg8
23.Nb3 Qb6 24.Rd4 g4 25.Rbd1 Nf3+ 26.gxf3 gxf3 27.Qxg8+ Kxg8 28.Rxd6 Qc7
29.R6d3 Bb7 30.Rd7 Qc8 31.Na5 Bxe4 32.Nc4 Qc5 33.Nd6 Bxc2 34.Nxf7 Bxd1 35.Bd3 Qc1
36.Kh2 Qf4+ 37.Kg1 Ba4  0-1

[Event "29th Metz Open A"]
[Site "Longeville-les-Metz FRA"]
[Date "2011.05.02"]
[Round "1.7"]
[White "Migot,T"]
[Black "Rotstein,A"]
[Result "0-1"]
[WhiteElo "2272"]
[BlackElo "2547"]

1.e4 c5 2.Nf3 e6 3.d4 cxd4 4.Nxd4 a6 5.Nc3 Qc7 6.g3 Nf6 7.Bg2 d6 8.O-O Be7
9.Kh1 O-O 10.f4 Nc6 11.Nb3 b5 12.Be3 Bb7 13.a3 Rac8 14.Qe2 Rfe8 15.g4 b4
16.axb4 Nxb4 17.g5 Nd7 18.Qf2 d5 19.exd5 Nxd5 20.Nxd5 Bxd5 21.Rxa6 Bxg2+
22.Qxg2 Qxc2 23.Qxc2 Rxc2 24.Rf2 Rc7 25.Na5 Rec8 26.Rd2 Nf8 27.Nb3 Ng6 28.Kg2 Bb4
29.Re2 Rc4 30.Kf3 Nh4+ 31.Kf2 Nf5 32.Rb6 Bd6 33.Kf3 Bc7 34.Rb7 Nxe3 35.Rxe3 Bxf4
36.Re4 Rxe4 37.Kxe4 Bxg5 38.Nd4 Bf6 39.b4 h5 40.Nf3 Rc4+ 41.Kd3 Rc3+ 42.Ke2 g5
43.Rb5 g4 44.Nd2 Rh3 45.Nf1 Kg7 46.Kf2 Kg6 47.Kg2 Rb3 48.Ng3 h4 49.Ne4 Be7
50.Nf2 h3+ 51.Kh1 Rb1+ 52.Nd1 Rxd1+  0-1

[Event "Karlovy Vary Open"]
[Site "Karlovy Vary CZE"]
[Date "2011.05.03"]
[Round "8.4"]
[White "Fiala,R"]
[Black "Tesar,J"]
[Result "1-0"]
[WhiteElo "2295"]
[BlackElo "2084"]

1.e4 c5 2.Nf3 e6 3.d4 cxd4 4.Nxd4 a6 5.Nc3 Qc7 6.Be2 Nf6 7.O-O b5 8.Bf3 b4
9.e5 Bb7 10.exf6 bxc3 11.bxc3 gxf6 12.Rb1 d5 13.c4 e5 14.cxd5 exd4 15.Re1+ Kd7
16.Qxd4 Bd6 17.Bg4+  1-0

[Event "29th Metz Open A"]
[Site "Longeville-les-Metz FRA"]
[Date "2011.05.03"]
[Round "3.10"]
[White "Pucher,S"]
[Black "Miezis,N"]
[Result "0-1"]
[WhiteElo "2227"]
[BlackElo "2542"]

1.e4 c5 2.Nf3 e6 3.Nc3 a6 4.d4 cxd4 5.Nxd4 Qc7 6.Bd3 Nc6 7.Be3 Nf6 8.O-O Nxd4
9.Bxd4 Bc5 10.Bxc5 Qxc5 11.Na4 Qc7 12.c4 d6 13.Rc1 Bd7 14.c5 Rd8 15.cxd6 Qxd6
16.Nc3 Bc6 17.Bb1 Qf4 18.g3 Rxd1 19.gxf4 Rd2 20.Rc2 Rxc2 21.Bxc2 Nh5 22.f5 Nf4
23.Re1 Ke7 24.Ne2 Nxe2+ 25.Rxe2 exf5 26.exf5+ Kf6 27.Rd2 Re8 28.f4 Re3 29.Rd6+ Ke7
30.f6+ gxf6 31.Rd2 h5 32.Bf5 h4 33.Bg4 Kf8 34.Re2 Rd3 35.Kf2 Rd4 36.Ke3 Ra4
37.Kd2 Rxf4 38.Bc8 Bb5 39.Ke3 Rc4 40.Bh3 Rc5 41.Rf2 Ke7 42.Kd4 Rc4+ 43.Kd5 Rc1
44.a3 b6 45.Bf5 Rd1+ 46.Ke4 Bc4 47.Ke3 Re1+ 48.Kf4 Be6 49.Kg4 Re4+ 50.Rf4 Re2
51.Rb4 b5 52.h3 Rg2+ 53.Kf3 Rg3+ 54.Kf4 Bc4  0-1

[Event "Ostravsky Konik A"]
[Site "Ostrava CZE"]
[Date "2011.05.03"]
[Round "4.37"]
[White "Vachtfeidl,P"]
[Black "Kana,P"]
[Result "0-1"]
[WhiteElo "1981"]
[BlackElo "2062"]

1.e4 c5 2.Nf3 e6 3.Nc3 a6 4.d4 cxd4 5.Nxd4 Qc7 6.Bd3 Bc5 7.Nb3 Be7 8.Qg4 Nf6
9.Qxg7 Rg8 10.Qh6 d6 11.O-O Nbd7 12.h3 Ne5 13.Qe3 b5 14.f4 Nc4 15.Bxc4 Qxc4
16.Qd3 Qc7 17.Be3 b4 18.e5 bxc3 19.exf6 Bb7 20.Rf2 Bxf6 21.Bd4 Bh4 22.Re2 Qc6
23.Na5 Rxg2+ 24.Kf1 Rf2+ 25.Bxf2 Qg2+  0-1